000 01599cam a2200133 4500500
005 20260405085546.0
041 _afre
042 _adc
100 1 0 _aBoullier, Dominique
_eauthor
245 0 0 _aSociologie du numérique
260 _bArmand Colin,
_c2019.
520 _aLe numérique au sens large (informatique, réseaux, médias, Internet) a envahi l’ensemble des activités humaines, des plus personnelles aux plus collectives, et a profondément modifié notre rapport aux autres, à l’espace, au temps. Porteur d’innovations permanentes, il fascine et effraie tout autant, et fait l’objet de multiples débats, analyses, controverses. Cet ouvrage de référence en présente les cadrages théoriques et les concepts clés ainsi qu’une synthèse critique des travaux réalisés sur le sujet en sciences sociales. Cette nouvelle édition fait le point sur les évolutions récentes (le Machine Learning, la blockchain, le RGPD) et sur les enjeux contemporains (appels à la régulation, rôle croissant de la Chine, inflation des fakes news). Elle dresse un panorama des dernières avancées dans les domaines de la recherche : sociologie des algorithmes, des propagations et des makers ; économie de l’attention, plateformisation, économie comportementale à base de traces et de digital labor ; analyse politique du numérique dans la justice, la sécurité, le militaire ou la santé ; ou encore nouvelles méthodes des « humanités numériques ».
856 4 1 _uhttps://shs.cairn.info/sociologie-du-numerique--9782200624750?lang=fr&redirect-ssocas=7080
999 _c2198523
_d2198523